[Event "SLO-chT2 West"]
[Site "Kranj"]
[Date "2008.10.17"]
[Round "5.1"]
[White "Ristov, Tase"]
[Black "Harinski, Joze"]
[Result "0-1"]
[WhiteElo "1937"]
[BlackElo "2025"]
[PlyCount "136"]
[EventDate "2008.10.11"]
[EventType "team-swiss"]
[EventRounds "9"]
[EventCountry "SLO"]
[SourceTitle "EXT 2010"]
[Source "ChessBase"]
[SourceDate "2010.11.25"]
[SourceVersion "1"]
[SourceVersionDate "2010.11.25"]
[SourceQuality "1"]
[WhiteTeam "Stari Mayr Sencur"]
[BlackTeam "Gorenjka Lesce"]
[WhiteTeamCountry "SLO"]
[BlackTeamCountry "SLO"]

1. e4 d6 2. d4 g6 3. c3 Bg7 4. Bc4 Nd7 5. Qb3 e6 6. Nf3 Nb6 7. Bg5 Qd7 8. Bb5 c6 9. Bd3 h6 10. Bh4 Ne7 11. a4 Qc7 12. Bg3 e5 13. a5 Nd7 14. Nbd2 g5 15. h3 Ng6 16. Bc4 0-0 17. 0-0 Nf6 18. dxe5 dxe5 19. a6 b5 20. Bd3 Rd8 21. Qc2 Nh5 22. Be2 Nhf4 23. Rfe1 Nxe2+ 24. Rxe2 Nf4 25. Bxf4 gxf4 26. c4 b4 27. b3 c5 28. Qa2 Rd6 29. Qa5 Rb6 30. Qa4 Bxa6 31. Qa5 Bc8 32. Nf1 Bb7 33. Nh4 Qc8 34. Nf5 Bf8 35. Qa2 Ra6 36. Qb2 Rxa1 37. Qxa1 Qe6 38. Nh4 a5 39. Nd2 Bc6 40. Re1 a4 41. Qd1 axb3 42. Qxb3 Ra3 43. Qd1 Rd3 44. Qe2 Qd7 45. Ndf3 f6 46. Nf5 Kh7 47. N3h4 b3 48. Qh5 Qe8 49. Qe2 Qd8 50. Qh5 Be8 51. Qe2 Bf7 52. Ra1 Rd7 53. Rb1 Qb6 54. Qg4 Rb7 55. Kh2 Qa6 56. g3 h5 57. Qf3 fxg3+ 58. Nxg3 b2 59. Nxh5 Rb6 60. Ng2 Bh6 61. Ng3 Bg6 62. Ne3 Bxe3 63. Qxe3 Qxc4 64. Nf5 Bxf5 65. exf5 Qf4+ 66. Qxf4 exf4 67. Kg2 c4 68. Kf3 c3 0-1

[Event "SLO-chT2"]
[Site "Slovenia"]
[Date "2003.09.18"]
[Round "6"]
[White "Kovacic, Peter"]
[Black "Harinski, Joze"]
[Result "1-0"]
[WhiteElo "2198"]
[BlackElo "2083"]
[PlyCount "75"]
[EventDate "2003.05.02"]
[EventType "team"]
[EventRounds "9"]
[EventCountry "SLO"]
[SourceTitle "EXT 2005"]
[Source "ChessBase"]
[SourceDate "2004.11.15"]
[SourceVersion "1"]
[SourceVersionDate "2004.11.15"]
[SourceQuality "1"]

1. b3 Nf6 2. Bb2 d5 3. e3 Nbd7 4. d4 g6 5. Nf3 Bg7 6. Bd3 0-0 7. h3 Re8 8. Nbd2 c5 9. 0-0 b6 10. Ne5 Nxe5 11. dxe5 Nd7 12. f4 e6 13. c4 Bb7 14. e4 d4 15. Qe2 Qe7 16. Rf2 a5 17. a4 Nb8 18. Raf1 Nc6 19. Ba3 Rf8 20. g3 Rad8 21. Nf3 Rd7 22. Rh2 Bh6 23. h4 Bg7 24. h5 h6 25. Bc1 Nb4 26. Nh4 Qe8 27. Bd2 Nxd3 28. Qxd3 Qa8 29. Re1 Qe8 30. f5 gxf5 31. exf5 exf5 32. Nxf5 Qe6 33. Qf1 Kh8 34. Nxg7 Kxg7 35. Qf6+ Qxf6 36. exf6+ Kxf6 37. Bxh6 Rh8 38. Rf2+ 1-0

[Event "SLO-chT2"]
[Site "Slovenia"]
[Date "2003.05.02"]
[Round "2"]
[White "Harinski, Joze"]
[Black "Marjanovic, Slavko"]
[Result "1-0"]
[WhiteElo "2083"]
[BlackElo "2013"]
[PlyCount "109"]
[EventDate "2003.05.02"]
[EventType "team"]
[EventRounds "9"]
[EventCountry "SLO"]
[SourceTitle "EXT 2005"]
[Source "ChessBase"]
[SourceDate "2004.11.15"]
[SourceVersion "1"]
[SourceVersionDate "2004.11.15"]
[SourceQuality "1"]

1. e4 e6 2. d4 d5 3. Nc3 Bb4 4. e5 c5 5. a3 Bxc3+ 6. bxc3 Qa5 7. Bd2 Qa4 8. Be3 c4 9. f4 Nc6 10. g4 Nge7 11. h4 Bd7 12. Bg2 0-0-0 13. Nf3 f5 14. g5 Be8 15. h5 Bf7 16. Kd2 Kc7 17. Nh4 Rb8 18. Bf3 Na5 19. Qe2 Qe8 20. a4 b6 21. Rhb1 Qd7 22. Ke1 g6 23. Bc1 Qe8 24. Ba3 Nac6 25. Bd6+ Kd7 26. Bxb8 Qxb8 27. a5 b5 28. a6 Qb6 29. Rb2 Rb8 30. h6 Be8 31. Ng2 Na5 32. Ne3 Kc8 33. Rba2 Nac6 34. Rb1 Na5 35. Qg2 Bd7 36. Nxd5 exd5 37. Bxd5 Bc6 38. Be6+ Bd7 39. Bxd7+ Kxd7 40. Rba1 Nac6 41. Rb1 Nd8 42. Rd1 Ne6 43. Qf3 Ke8 44. d5 Qg1+ 45. Ke2 Qh2+ 46. Ke3 Nxg5 47. fxg5 Qxe5+ 48. Kf2 Rd8 49. Ra5 Qh2+ 50. Kf1 Qxc2 51. d6 Kf7 52. Rxb5 Nc6 53. Rb7+ Kf8 54. Rxh7 Ne5 55. Qd5 1-0

[Event "SLO-chT2"]
[Site "Slovenia"]
[Date "2002.07.29"]
[Round "5"]
[White "Harinski, Joze"]
[Black "Stanic, Vitko"]
[Result "1-0"]
[WhiteElo "2107"]
[BlackElo "1835"]
[PlyCount "39"]
[EventDate "2002.04.07"]
[EventType "team"]
[EventRounds "9"]
[EventCountry "SLO"]
[SourceTitle "EXT 2005"]
[Source "ChessBase"]
[SourceDate "2004.11.15"]
[SourceVersion "1"]
[SourceVersionDate "2004.11.15"]
[SourceQuality "1"]

1. e4 c5 2. Nf3 Nc6 3. d4 cxd4 4. Nxd4 d6 5. Be2 Nf6 6. Nc3 e6 7. Bg5 Be7 8. Qd2 a6 9. 0-0-0 Qc7 10. Kb1 b5 11. Nxc6 Qxc6 12. Bf3 e5 13. Bxf6 gxf6 14. Nd5 h6 15. g4 Be6 16. Rhg1 Rc8 17. Rg3 Bxd5 18. exd5 Qc5 19. Be4 Bf8 20. Rc3 1-0

[Event "SLO-chT qual"]
[Site "Kranj"]
[Date "1995.??.??"]
[Round "?"]
[White "Harinski, Joze"]
[Black "Krasevec, Anton"]
[Result "1-0"]
[WhiteElo "2150"]
[BlackElo "2010"]
[PlyCount "124"]
[EventDate "1995.??.??"]
[EventType "team"]
[EventRounds "4"]
[EventCountry "SLO"]
[SourceTitle "EXT 1998"]
[Source "ChessBase"]
[SourceDate "1997.11.17"]
[SourceVersion "1"]
[SourceVersionDate "1997.11.17"]
[SourceQuality "1"]

1. e4 c5 2. Nf3 d6 3. d4 cxd4 4. Nxd4 Nf6 5. Nc3 g6 6. Bg5 Bg7 7. Qd2 Nc6 8. Nb3 Bd7 9. Be2 Rc8 10. h4 h6 11. Bf4 a6 12. f3 Nh5 13. Bh2 e5 14. 0-0-0 Nd4 15. g4 Nxb3+ 16. axb3 Nf4 17. Bxf4 exf4 18. Qxd6 Rc6 19. Qd5 Qc7 20. Kb1 Be6 21. Qd3 0-0 22. Nd5 Qe5 23. c3 Re8 24. Qd2 Rc5 25. Rhe1 g5 26. hxg5 hxg5 27. Bf1 Kf8 28. Re2 Rd8 29. b4 Rc6 30. Qd3 b5 31. Red2 Rcd6 32. Be2 Rb8 33. Qc2 Rc6 34. Qb3 Rbc8 35. Qa3 Qb8 36. c4 Qb7 37. c5 Rd8 38. Qa5 Re8 39. Bd3 Be5 40. Bc2 Kg7 41. Bb3 Rh8 42. Ka2 Rh3 43. Qd8 f6 44. Rd3 a5 45. Qe7+ Qxe7 46. Nxe7 Ra6 47. Bxe6 axb4+ 48. Kb3 Rxe6 49. Nf5+ Kf8 50. R1d2 Rh7 51. Kxb4 Rb7 52. Rd8+ Re8 53. Rxe8+ Kxe8 54. Nd6+ Bxd6 55. Rxd6 Ke7 56. Ka5 b4 57. Rb6 Rd7 58. Rd6 Rb7 59. Rd4 b3 60. c6 Rb8 61. c7 Rc8 62. Rc4 Kd6 1-0